Περί της αρχαίας ελληνικής ζωγραφικής : 35ο βιβλίο της "φυσικής ιστορίας"

Αποθηκεύτηκε σε:
Λεπτομέρειες βιβλιογραφικής εγγραφής
Κύριος συγγραφέας: Pliny, the Elder
Άλλοι συγγραφείς: Λεβίδης, Αλέκος Β., 1944- (Μεταφραστής), Ρούσσος, Τάσος, 1934-2015 (Μεταφραστής)
Μορφή: Βιβλίο
Γλώσσα:Greek
Latin
Δημοσίευση: Αθήνα : Αγρα, c1994.
Θέματα:
Ετικέτες: Προσθήκη ετικέτας
Δεν υπάρχουν, Καταχωρήστε ετικέτα πρώτοι!

MARC

LEADER 00000cam a2200000 i 4500
001 1/9037
008 970508s1994 gr | ||| |||| ||gre||
020 |a 9603251232 
035 |l 10017327 
040 |a GR-MyUA  |b gre  |e AACR2 
041 1 |a gre  |h lat 
082 7 |a 709.014  |2 (21) 
100 0 |a Pliny, the Elder. 
245 1 0 |a Περί της αρχαίας ελληνικής ζωγραφικής :   |b 35ο βιβλίο της "φυσικής ιστορίας" /   |c Πλίνιος ο Πρεσβύτερος ; μετάφραση από τα λατινικά Τάσος Ρούσσος, Αλέκος Βλ. Λεβίδης ; πρόλογος, σημειώσεις, επιμέλεια ύλης Αλέκος Βλ. Λεβίδης.  
260 |a Αθήνα :   |b Αγρα,   |c c1994.  
300 |a 554 σ. :   |b εικ. (μερικές έγχρ.) ;   |c 21 εκ.  
500 |a Τίτλος πρωτοτύπου: Histoire naturelle, livre XXXV.  
504 |a Βιβλιογραφία: σ. 519-538. Ευρετήριο.  
650 0 |a Natural history  |x Pre-Linnean works. 
650 0 |a Didactic literature, Latin. 
700 1 |a Λεβίδης, Αλέκος Β.,   |d 1944-  |e trl 
700 1 |a Ρούσσος, Τάσος,   |d 1934-2015,  |e trl 
852 |a INST  |b LESVOS  |e 19970508  |h 508 PLI  |p 005100012336  |q 005100012336  |t BK  |y 0 
852 |a INST  |b SYROS  |e 20050426  |h 709.014 PLI  |p 005500003532  |q 005500003532  |t BK  |y 0 
852 |a INST  |b SYROS  |e 20041213  |h 709.014 PLI  |p 005500003788  |q 005500003788  |t BK  |y 0 
852 |a INST  |b SYROS  |e 20050426  |h 709.014 PLI  |p 005500004108  |q 005500004108  |t BK  |y 0 
901 |a BIBL5-2004-3 
920 |a ΔΙΕΥΡΥΝΣΗ  |b ΕΠΕΑΕΚ-ΤΜΣΠΣ  |y Σύρος  |z 2004-10 
922 |a 1ΕΛΗ  |b 199612  |c ΠΑΠΑΜΑΣΤΟΡΑΚΗΣ 
950 |a 147-1996-11-26 
970 |a Καγιαβά  |b Ειρήνη  |z 13/12/2004